| 000 | 01336nam a2200325 i 4500 | ||
|---|---|---|---|
| 003 | EG-GICUC | ||
| 005 | 20260126113830.0 | ||
| 008 | 260126s2006 ua ||||fr|||| 00| 0 ara d | ||
| 017 | _a2006/15146 | ||
| 040 |
_a EG-GICUC _bara _c EG-GICUC _d EG-GICUC _erda |
||
| 041 | 0 | _aara | |
| 082 | 0 | 4 |
_a343.431 _bأ ح . إ _221 |
| 092 | 0 | 4 | _221 |
| 099 | _aLaw1 10 343.431 أ ح . إ 2006 1006331 | ||
| 100 | 0 |
_aأحمد إبراهيم مصطفى سليمان. _eمؤلف. |
|
| 245 | 1 | 2 |
_aالإرهاب والجريمة المنظمة : _bالتجريم وسبل المواجهة / _cدكتور أحمد إبراهيم مصطفى سليمان. |
| 264 | 1 |
_aالقاهرة : _bأحمد إبراهيم مصطفى سليمان، _bمطبعة العشري _c2006. |
|
| 300 |
_a478 صفحة ؛ _c24 سم. _bإيضاحيات، صور، مثيليات ؛ |
||
| 336 |
_2rda content _atext |
||
| 337 |
_2rda media _aComputer |
||
| 338 |
_2rda carrier _aOnline Resource |
||
| 504 | _aيشتمل على ارجاعات ببليوجرافية. | ||
| 546 | _aالنص باللغة العربية | ||
| 650 | 1 | 4 |
_aالتشريع الخاص بالإرهاب. _2qrmak |
| 650 | 1 | 4 |
_aالقانون الجنائي. _2qrmak |
| 651 | 1 | _2qrmak | |
| 856 | 4 | 0 | _uhttps://fll.law.cu.edu.eg/fulltext/bks/B10-06331.pdf |
| 905 | _a18 | ||
| 942 |
_2ddc _cBK _e21 _n0 |
||
| 999 |
_c59430 _d59430 |
||